Statystyki dla pytania geograficzne

Kliknij tutaj aby rozwiązać quiz!

Ogólne statystyki

  • Ten quiz został rozwiązany 41 razy
    (36 od ostatniego zresetowania)
  • Średni wynik to 4 z 5

Statystyki odpowiedzi

ZagadnienieOdpowiedź% Poprawnych
Skoro wy tacy mądrzy, to jaka jest najwyższa góra świata?Amelia:Kenia to kraj! Mount Everest a nie inaczej!
97%
Z iloma państwa graniczy polska?Jula:Polska graniczy z siedmioma!
93%
co jest stolicą Nigerii?Adam:Stolica Nigerii? rzecz jasna jest nią Abudża!
87%
w jakim mieście znajduje się łahta centr?Olek:Aj się nie znasz, Łahta centr znajduje się w Petesburgu!
70%
A ile na świecie jest państw?Amelia:195 no trochę ich dużo
40%

Rozkład punktacji

Percentyl według liczby udzielonych odpowiedzi

Procent ludzi z każdym wynikiem

Twoja historia wyników

Nie rozwiązałeś tego quizu od ostatniego zresetowania